| 000 | 01821nam a22003137a 4500 | ||
|---|---|---|---|
| 001 | 8764 | ||
| 003 | FISKH | ||
| 005 | 20251017143605.0 | ||
| 008 | 251017b cb ||||| |||| 00| 0 eng d | ||
| 020 | _a9789995001858 | ||
| 040 |
_aFISKH _bkhr _cFISKH _dFISKH |
||
| 050 | _aPZ7 | ||
| 082 | _a398.2 | ||
| 100 | _aJerng, Yim | ||
| 245 |
_aស្លាប់រស់ព្រោះមាត់ / _cអ្នកនិពន្ធ លោក យឹម ជឿង , អ្នករៀបរៀង លោក អ៊ាន ភាង និង ងួន សាកល |
||
| 260 |
_aភ្នំពេញ : _bគ្រឹះស្ថានបោះពុម្ពនិងចែកផ្សាយ , _c2013 . |
||
| 300 |
_a8 pages : _bcolor illustrations ; _c17 *1 8cm . |
||
| 490 | _aរឿងនិទានអប់រំសម្រាប់កុមារ | ||
| 505 | _aL | ||
| 520 | _aអ្នកនិទានប្រើរឿងនេះដើម្បីបង្ហាញថា ការនិយាយដោយគិតទាំងមុន មានអត្ថិផល ប៉ុន្តែការនិយាយដោយគ្មានការពិចារណាអាចនាំអោយមានគ្រោះថ្នាក់ ឬផលវិបាកធ្ងន់ធ្ងរ។ | ||
| 520 | _a"The storyteller uses this tale to show that speaking thoughtfully can be beneficial, but speaking without thinking can lead to danger or serious consequences." | ||
| 521 | 8 |
_a530
_bLexile estimate |
|
| 521 | 8 |
_aL
_bRaz-Plus |
|
| 650 |
_aស្លាប់រស់ព្រោះមាត់ _vរឿងនិទានកុមារ |
||
| 650 |
_aSlab ros pros meat _vChildren's Stories |
||
| 700 |
_aSamoun , Poch _eIllustrator |
||
| 942 |
_2ddc _cKHB _n0 |
||
| 999 |
_c8764 _d8764 |
||